000
00364nam a22001577a 4500
003
MPLRDC
005
20220104142639.0
008
210129b ||||| |||| 00| 0 eng d
082
_a
177 TJS
100
_a
谭继山编著
245
_a
自我本性判断法
_c
260
_a
_b
新风文化事业公司
_c
300
_b
平
650
_a
942
_c
BK
_o
177 TJS
999
_c
32579
_d
32569